[Event "ENG-ch Schools"]
[Site "Nottingham"]
[Date "2025.06.26"]
[Round "5.6"]
[White "Efstathiou, James"]
[Black "Taylor, Noah3"]
[Result "1-0"]
[WhiteElo "1459"]
[BlackElo "1560"]
[PlyCount "49"]
[EventDate "2025.06.25"]
[EventType "team-swiss"]
[EventRounds "6"]
[EventCountry "ENG"]
[SourceTitle "CB27_2025"]
[SourceDate "2025.07.02"]
[SourceVersion "1"]
[SourceVersionDate "2025.07.02"]
[SourceQuality "1"]
[WhiteTeam "The Latymer"]
[BlackTeam "Queen Elizabeth Hospital"]
[WhiteTeamCountry "ENG"]
[BlackTeamCountry "ENG"]

1. e4 c5 2. Nf3 Nc6 3. d4 cxd4 4. Nxd4 e5 5. Nb5 d6 6. Be3 Nf6 7. Nd2 a6 8. Nc3 Be6 9. Bc4 Bxc4 10. Nxc4 b5 11. Nb6 Rb8 12. Nbd5 b4 13. Nxf6+ Qxf6 14. Nd5 Qd8 15. Qd3 a5 16. 0-0 Ne7 17. Rad1 Nxd5 18. Qxd5 Be7 19. f4 Bf6 20. fxe5 0-0 21. exf6 gxf6 22. Bh6 Qb6+ 23. Kh1 Rfe8 24. Rxf6 Re5 25. Qxf7+ 1-0

[Event "ENG-ch Schools"]
[Site "Nottingham"]
[Date "2025.06.26"]
[Round "6.6"]
[White "Wilkinson, Hugo"]
[Black "Efstathiou, James"]
[Result "1-0"]
[WhiteElo "1359"]
[BlackElo "1459"]
[PlyCount "91"]
[EventDate "2025.06.25"]
[EventType "team-swiss"]
[EventRounds "6"]
[EventCountry "ENG"]
[SourceTitle "CB27_2025"]
[SourceDate "2025.07.02"]
[SourceVersion "1"]
[SourceVersionDate "2025.07.02"]
[SourceQuality "1"]
[WhiteTeam "Altrincham Grammar"]
[BlackTeam "The Latymer"]
[WhiteTeamCountry "ENG"]
[BlackTeamCountry "ENG"]

1. e4 e5 2. Nf3 Nc6 3. Bb5 a6 4. Bxc6 dxc6 5. 0-0 Bd6 6. d3 h6 7. Nbd2 Ne7 8. Nc4 Ng6 9. b3 Be6 10. Bb2 Bxc4 11. bxc4 b6 12. Qc1 0-0 13. Ba3 f5 14. Bxd6 cxd6 15. Qe3 b5 16. cxb5 axb5 17. exf5 Rxf5 18. Qe4 Qd7 19. g3 Raf8 20. Nd2 h5 21. a4 h4 22. axb5 cxb5 23. Ra8 Rxa8 24. Qxa8+ Kh7 25. Qd5 hxg3 26. fxg3 Qa7+ 27. Kg2 Rxf1 28. Nxf1 Qc5 29. Qxc5 dxc5 30. Kf3 Kh6 31. Ke4 Kg5 32. Ne3 Kf6 33. Kd5 c4 34. dxc4 bxc4 35. Kxc4 Ke6 36. Kc5 Nf8 37. c4 Nd7+ 38. Kc6 e4 39. c5 Ne5+ 40. Kb5 Ng6 41. Kb6 Ne7 42. c6 Ke5 43. c7 Nc8+ 44. Kb7 Nd6+ 45. Kb8 g6 46. Nc4+ 1-0